Evaluación de la resistencia a la degradación por insectos de algunas especies maderables de uso comercial bajo diferentes tratamientos
Guardado en:
| Hovedforfatter: | |
|---|---|
| Andre forfattere: | |
| Format: | Bog |
| Udgivet: |
[San José, Costa Rica]: Universidad de Costa Rica. Facultad de Ingeniería. Instituto de Investigaciones en Ingeniería. Laboratorio de Productos Forestales
1999
|
| Tags: |
Tilføj Tag
Ingen Tags, Vær først til at tagge denne postø!
|
MARC
| LEADER | 00000nam a2200000Ia 4500 | ||
|---|---|---|---|
| 003 | PI0103 | ||
| 005 | 20240503112525.0 | ||
| 008 | 140116s1999 cr a m 000 ||s d | ||
| 040 | |c cru CEDI | ||
| 090 | |a PI 103 | ||
| 100 | |a Blanco Rojas, María Lorena, 1959-2011 |9 1709 | ||
| 245 | |a Evaluación de la resistencia a la degradación por insectos de algunas especies maderables de uso comercial bajo diferentes tratamientos | ||
| 260 | |a [San José, Costa Rica]: Universidad de Costa Rica. Facultad de Ingeniería. Instituto de Investigaciones en Ingeniería. Laboratorio de Productos Forestales |c 1999 | ||
| 300 | |a 95 hojas | ||
| 500 | |a Informe proyecto de investigación. No. 731-95-251 | ||
| 700 | |9 14918 |a Cruz Meléndez, Luis Alberto | ||
| 942 | |c PI |h PI-103 |i PI0103 |6 PI_103_PI0103 | ||
| 999 | |c 21311 |d 21311 | ||
